World Cup 2003 (Record no. 16392)

000 -LEADER
fixed length control field 00470nam a22001817a 4500
003 - CONTROL NUMBER IDENTIFIER
control field OSt
005 - DATE AND TIME OF LATEST TRANSACTION
control field 20170105102939.0
008 - FIXED-LENGTH DATA ELEMENTS--GENERAL INFORMATION
fixed length control field 160421b xxu||||| |||| 00| 0 eng d
020 ## - INTERNATIONAL STANDARD BOOK NUMBER
International Standard Book Number 9698893016
040 ## - CATALOGING SOURCE
Original cataloging agency 0
082 ## - DEWEY DECIMAL CLASSIFICATION NUMBER
Classification number 796
Author Mark MAH 2005
100 ## - MAIN ENTRY--PERSONAL NAME
Personal name Mahmood, Syed Khalid
245 ## - TITLE STATEMENT
Title World Cup 2003
Remainder of title Top of the Charts
Statement of responsibility, etc. Syed Khalid Mahmood
260 ## - PUBLICATION, DISTRIBUTION, ETC.
Place of publication, distribution, etc. Karachi,
Name of publisher, distributor, etc. Jumbo Publishing
Date of publication, distribution, etc. 2005
300 ## - PHYSICAL DESCRIPTION
Extent 186 p.;
Other physical details ill.;
Dimensions 22 cm
650 ## - SUBJECT ADDED ENTRY--TOPICAL TERM
Topical term or geographic name entry element Cricket
942 ## - ADDED ENTRY ELEMENTS (KOHA)
Source of classification or shelving scheme
Koha item type Book
Holdings
Withdrawn status Lost status Damaged status Not for loan Collection code Permanent Location Current Location Shelving location Date acquired Total Checkouts Full call number Barcode Date last seen Price effective from Koha item type
          Centre for International Peace & Stability (CIPS) Centre for International Peace & Stability (CIPS) General Stacks 04/21/2016   796 MAH 2005 CIPS0002814 04/21/2016 04/21/2016 Book
© 2023 Central Library, National University of Sciences and Technology. All Rights Reserved.